Ultimate Job Search (Record no. 96406)

MARC details
000 -LEADER
fixed length control field 00548nam a2200217Ia 4500
005 - DATE AND TIME OF LATEST TRANSACTION
control field 20251122105544.0
008 - FIXED-LENGTH DATA ELEMENTS--GENERAL INFORMATION
fixed length control field 230125s9999 xx 000 0 und d
020 ## - INTERNATIONAL STANDARD BOOK NUMBER
International Standard Book Number 9788175544703
041 ## - LANGUAGE CODE
Language code of text/sound track or separate title eng
082 ## - DEWEY DECIMAL CLASSIFICATION NUMBER
Classification number 158.1
Item number WIL
100 ## - MAIN ENTRY--PERSONAL NAME
Author Williams L
245 ## - TITLE STATEMENT
Title Ultimate Job Search
250 ## - EDITION STATEMENT
Edition statement 2nd Ed.
260 ## - PUBLICATION, DISTRIBUTION, ETC.
Date of publication, distribution, etc. 2009
Name of publisher, distributor, etc. Kogan Page
Place of publication, distribution, etc. New Delhi
300 ## - PHYSICAL DESCRIPTION
Extent 230p
500 ## - GENERAL NOTE
Keywords Personality Development<br/>
650 ## - SUBJECT ADDED ENTRY--TOPICAL TERM
Topical term or geographic name entry element Personality Development;Job Search
700 ## - ADDED ENTRY--PERSONAL NAME
Personal name Williams L
942 ## - ADDED ENTRY ELEMENTS (KOHA)
Koha item type Books
906 ## - LOCAL DATA ELEMENT F, LDF (RLIN)
b 63
Holdings
Withdrawn status Lost status Damaged status Not for loan Home library Current library Date acquired Vendor Net Price Bill number Total Checkouts Full call number Barcode Date last seen Actual Price Bill Date Koha item type Original Barcode Date last checked out
        Smt. Hiraben Nanavati Institute of Management & Research for Women Smt. Hiraben Nanavati Institute of Management & Research for Women 29/02/2020 Forward Books 225.00 11222   158.1 WIL B20265 HIMR-BK-20265 25/01/2023 162.00 25/01/2023 Books B20265  
        Smt. Hiraben Nanavati Institute of Management & Research for Women Smt. Hiraben Nanavati Institute of Management & Research for Women 29/02/2020 Forward Books 225.00 11222   158.1 WIL B20266 HIMR-BK-20266 25/01/2023 162.00 25/01/2023 Books B20266  
        Smt. Hiraben Nanavati Institute of Management & Research for Women Smt. Hiraben Nanavati Institute of Management & Research for Women 29/02/2020 Forward Books 225.00 11222   158.1 WIL B20267 HIMR-BK-20267 25/01/2023 162.00 25/01/2023 Books B20267  
        Smt. Hiraben Nanavati Institute of Management & Research for Women Smt. Hiraben Nanavati Institute of Management & Research for Women 29/02/2020 Forward Books 225.00 11222 2 158.1 WIL B20268 HIMR-BK-20268 29/01/2025 162.00 25/01/2023 Books B20268 20/01/2025
        Smt. Hiraben Nanavati Institute of Management & Research for Women Smt. Hiraben Nanavati Institute of Management & Research for Women 29/02/2020 Forward Books 225.00 11222   158.1 WIL B20269 HIMR-BK-20269 25/01/2023 162.00 25/01/2023 Books B20269